000 00450nam a2200193Ia 4500
003 0100
008 130303s9999 xx 000 0 und d
040 _cARRUPELIB
050 _aBL2480.M3B83 1980
100 _aBucher, Hubert
245 _aSpirits and Power
245 _bAn Analysis of shona cosmology
260 _aCape town
260 _bOxford University Press
260 _C1980
300 _a231p.
300 _b 23 cm
942 0 0 _01
999 _c26541
_d26541